| 000 | 00424cam a2200181ua 4500 | ||
|---|---|---|---|
| 020 | _c.75 | ||
| 041 |
_ahin _h |
||
| 082 |
_a891.43 _bMYD/PA |
||
| 100 | _aMydhilisharan, Gupta . | ||
| 245 |
_aPanchavadi / _cMydhilisharan Gupta. _hTextual Documents |
||
| 250 |
_a1 / _b. |
||
| 260 |
_aJansi : _bSahitya sadan , _c1964. |
||
| 300 | _a69 ; . | ||
| 365 | _a.75 | ||
| 504 | _a | ||
| 942 | _cBK | ||
| 999 |
_c12733 _d12733 |
||